[Event "Junior Online 4NCL Division 5"]
[Site "online"]
[Date "2020.04.23"]
[Round "2.38"]
[White "Owladi, Maya"]
[Black "Measday, Austin"]
[Result "1-0"]
[WhiteElo "842"]
[BlackElo "925"]
[PlyCount "167"]
[EventDate "2020.04.23"]
[WhiteTeam "St Albans Early Knights 4"]
[BlackTeam "Brentwood 2"]

1. e4 Nf6 2. Nc3 e5 3. Nf3 Bb4 4. a3 Bxc3 5. bxc3 Nxe4 6. d3 Nxc3 7. Qd2 Na4 8.
Nxe5 d6 9. Nf3 c5 10. d4 c4 11. Qe2+ Be6 12. Bg5 Qa5+ 13. Kd1 Nc3+ 14. Ke1
Nxe2+ 15. Kxe2 d5 16. Bd2 Qd8 17. Rb1 O-O 18. Rxb7 Bf5 19. c3 Bd3+ 20. Ke1 Qe8+
21. Ne5 f6 22. Bxd3 fxe5 23. dxe5 cxd3 24. f4 g5 25. g3 g4 26. h3 gxh3 27. Rxh3
h5 28. Rxh5 Qxh5 29. Rb5 Qh1+ 30. Kf2 Qh2+ 31. Ke3 Qxg3+ 32. Kd4 Rxf4+ 33. Kxd5
Na6 34. Bxf4 Qxf4 35. e6 Rd8+ 36. Kc6 Nb8+ 37. Kc5 Rc8+ 38. Kd5 Qg5+ 39. Ke4 a6
40. Rxg5+ Kf8 41. Kxd3 Rd8+ 42. Kc2 Nc6 43. Rf5+ Ke8 44. Rf7 Ne5 45. Rh7 Nf3
46. Rh8+ Ke7 47. Rh6 Ne1+ 48. Kc1 Rc8 49. Kb2 Nd3+ 50. Kc2 Ne1+ 51. Kb2 Nd3+
52. Kb3 Rb8+ 53. Kc2 Nf2 54. c4 Rc8 55. Kc3 Nd1+ 56. Kd3 Rd8+ 57. Kc2 Ne3+ 58.
Kc3 Rc8 59. Kb4 Nxc4 60. a4 a5+ 61. Kb3 Nd2+ 62. Ka3 Rc3+ 63. Kb2 Rb3+ 64. Kc2
Rb6 65. Kxd2 Rxe6 66. Rh7+ Kd6 67. Rh5 Re7 68. Rxa5 Kc7 69. Ra7+ Kd6 70. Ra6+
Ke5 71. Rh6 Ke4 72. a5 Kf3 73. a6 Ra7 74. Kc3 Rc7+ 75. Kb4 Ke4 76. Kb5 Kd5 77.
Kb6 Rc6+ 78. Rxc6 Kd4 79. a7 Ke3 80. a8=Q Kf2 81. Re6 Kf1 82. Qf8+ Kg2 83. Rg6+
Kh1 84. Qh8# 1-0

[Event "Junior Online 4NCL Division 5"]
[Site "online"]
[Date "2020.04.23"]
[Round "2.41"]
[White "Weedon, Arlo"]
[Black "Skailes, Kit"]
[Result "1-0"]
[WhiteElo "1330"]
[BlackElo "1186"]
[PlyCount "109"]
[EventDate "2020.04.23"]
[WhiteTeam "Wey 2"]
[BlackTeam "Monmouth Marauders"]

1. e4 d5 2. exd5 Nf6 3. Nc3 Nxd5 4. Nxd5 Qxd5 5. Nf3 Bg4 6. Be2 e5 7. d3 e4 8.
dxe4 Qxe4 9. Bg5 Nc6 10. h3 f6 11. Be3 Bxf3 12. Bxf3 Qb4+ 13. Qd2 Qxd2+ 14.
Bxd2 O-O-O 15. O-O-O Bc5 16. Rhf1 Rhe8 17. Bxc6 bxc6 18. Be3 Rxd1+ 19. Kxd1
Bxe3 20. Re1 Rd8+ 21. Ke2 Bd4 22. c3 Re8+ 23. Kd1 Rxe1+ 24. Kxe1 Be5 25. g3 Kd7
26. Kd2 Kd6 27. f4 Bxf4+ 28. gxf4 g5 29. fxg5 fxg5 30. Ke2 Ke5 31. Kf3 Kf5 32.
Kg3 h5 33. h4 gxh4+ 34. Kxh4 Kg6 35. a4 a5 36. b4 axb4 37. cxb4 Kf7 38. a5 Ke8
39. a6 Kd7 40. a7 Kd6 41. a8=Q Kd5 42. Kxh5 Kc4 43. Qxc6+ Kxb4 44. Qxc7 Kb5 45.
Kg5 Kb4 46. Qc6 Ka5 47. Qb7 Ka4 48. Qb6 Ka3 49. Qb5 Ka2 50. Qb4 Ka1 51. Kf4 Ka2
52. Ke3 Ka1 53. Kd2 Ka2 54. Kc2 Ka1 55. Qb2# 1-0

[Event "Junior Online 4NCL Division 5"]
[Site "online"]
[Date "2020.04.23"]
[Round "2.42"]
[White "Phillips, Rhys"]
[Black "Weedon, Oscar"]
[Result "0-1"]
[WhiteElo "1140"]
[BlackElo "1352"]
[PlyCount "50"]
[EventDate "2020.04.23"]
[WhiteTeam "Monmouth Marauders"]
[BlackTeam "Wey 2"]

1. d4 d5 2. c4 dxc4 3. e3 Nf6 4. Nc3 e6 5. a3 Bd7 6. Bxc4 b5 7. Bd3 c6 8. Nf3
Be7 9. O-O O-O 10. Re1 Na6 11. Qc2 Qb6 12. e4 Nc7 13. Bg5 h6 14. Bxh6 gxh6 15.
e5 Nh7 16. Bxh7+ Kh8 17. Be4 f5 18. Bd3 Rf7 19. Re3 Rg8 20. Rae1 Qb7 21. b4 c5
22. bxc5 Bc6 23. Qd1 Rfg7 24. g3 f4 25. R3e2 Bxf3 0-1

[Event "Junior Online 4NCL Division 5"]
[Site "online"]
[Date "2020.04.23"]
[Round "2.43"]
[White "Naef Schmid, Ianto"]
[Black "Skailes, Robin"]
[Result "1/2-1/2"]
[WhiteElo "1307"]
[BlackElo "1100"]
[PlyCount "146"]
[EventDate "2020.04.23"]
[WhiteTeam "Wey 2"]
[BlackTeam "Monmouth Marauders"]

1. e4 d5 2. exd5 Nf6 3. c4 b5 4. b3 bxc4 5. bxc4 g6 6. Nf3 Bg7 7. Bb2 Bg4 8. h3
Bxf3 9. Qxf3 O-O 10. Be2 Nbd7 11. O-O Qb8 12. Bc3 c5 13. Re1 Ne5 14. Bxe5 Qxe5
15. Nc3 Bh6 16. Rad1 Qd4 17. Nb5 Qb2 18. d3 Qxa2 19. Ra1 Qb2 20. Nxa7 Bd2 21.
Red1 Bc3 22. Rdc1 Bd4 23. Rcb1 Qc3 24. Rc1 Qd2 25. Rd1 Qg5 26. Ra2 Qe5 27. Re1
Qc7 28. Qg3 Rxa7 29. Qxc7 Rxc7 30. Rb1 e5 31. Kf1 Rd7 32. g3 Rd6 33. f4 exf4
34. gxf4 Nh5 35. Bxh5 gxh5 36. Kg2 Rg6+ 37. Kf3 h4 38. Rg2 Rxg2 39. Kxg2 Re8
40. Kf1 Re3 41. d6 Rg3 42. Ke2 Re3+ 43. Kf1 Rxd3 44. d7 Bf6 45. Rb7 Rxh3 46.
Rb6 Rf3+ 47. Ke2 Rxf4 48. Rxf6 Re4+ 49. Kf3 Rd4 50. Rh6 Rd3+ 51. Ke4 Rd4+ 52.
Kf5 Rxd7 53. Rxh4 Rd4 54. Rxd4 cxd4 55. Ke4 h5 56. c5 Kf8 57. c6 Ke8 58. Kxd4
Kd8 59. Ke4 Kc7 60. Kf5 Kxc6 61. Kg5 Kd7 62. Kxh5 Ke7 63. Kg5 f6+ 64. Kf4 Ke6
65. Kf3 Ke5 66. Kf2 f5 67. Kf1 f4 68. Kf2 Ke4 69. Kf1 f3 70. Kf2 Kf4 71. Kf1
Kg3 72. Kg1 f2+ 73. Kf1 Kf3 1/2-1/2

[Event "Junior Online 4NCL Division 5"]
[Site "online"]
[Date "2020.04.23"]
[Round "2.44"]
[White "Swartz, Edward RG"]
[Black "Mandell, Eli"]
[Result "1-0"]
[WhiteElo "1013"]
[BlackElo "1232"]
[PlyCount "75"]
[EventDate "2020.04.23"]
[WhiteTeam "Monmouth Marauders"]
[BlackTeam "Wey 2"]

1. e4 e6 2. d4 Nc6 3. Nf3 Be7 4. Nc3 Nf6 5. d5 exd5 6. exd5 Nb4 7. a3 Na6 8.
Bxa6 bxa6 9. O-O Bb7 10. Bg5 h6 11. Bh4 d6 12. Re1 Qd7 13. Bxf6 gxf6 14. Qd3
O-O-O 15. Qe3 Rde8 16. Qxa7 Rhg8 17. h3 Qxh3 18. Kf1 Qxg2+ 19. Ke2 Bd8+ 20. Kd2
Rxe1 21. Nxe1 Qf3 22. Nxf3 Rh8 23. Qe3 h5 24. Rh1 h4 25. Rxh4 Rxh4 26. Nxh4 f5
27. Nxf5 f6 28. Qh3 Kb8 29. Qh8 Kc8 30. Ne7+ Kd7 31. Nc6 Bxc6 32. dxc6+ Kc8 33.
Qg7 Kb8 34. Qd7 Ka7 35. Qxd8 Kb6 36. Qa8 Ka5 37. b4+ Kb6 38. Qb7# 1-0

[Event "Junior Online 4NCL Division 5"]
[Site "online"]
[Date "2020.04.23"]
[Round "2.45"]
[White "Skailes, Kit"]
[Black "Weedon, Arlo"]
[Result "1-0"]
[WhiteElo "1186"]
[BlackElo "1330"]
[PlyCount "21"]
[EventDate "2020.04.23"]
[WhiteTeam "Monmouth Marauders"]
[BlackTeam "Wey 2"]

1. d4 d5 2. c4 e6 3. cxd5 exd5 4. Nc3 c5 5. dxc5 Bxc5 6. Nxd5 Be6 7. e4 Qh4 8.
g3 Qxe4+ 9. Ne2 Qxh1 10. Nc7+ Kf8 11. Qd8# 1-0

[Event "Junior Online 4NCL Division 5"]
[Site "online"]
[Date "2020.04.23"]
[Round "2.46"]
[White "Weedon, Oscar"]
[Black "Phillips, Rhys"]
[Result "1-0"]
[WhiteElo "1352"]
[BlackElo "1140"]
[PlyCount "35"]
[EventDate "2020.04.23"]
[WhiteTeam "Wey 2"]
[BlackTeam "Monmouth Marauders"]

1. c4 e5 2. Nc3 Nc6 3. e4 Nf6 4. d3 Be7 5. a3 O-O 6. Be3 d6 7. f4 Bg4 8. Be2
Bxe2 9. Ngxe2 a5 10. O-O Re8 11. f5 Ng4 12. Ng3 Nxe3 13. Qe2 Nxf1 14. Rxf1 Nd4
15. Qg4 Bg5 16. Nh5 Bf6 17. Nd5 g6 18. Nhxf6+ 1-0

[Event "Junior Online 4NCL Division 5"]
[Site "online"]
[Date "2020.04.23"]
[Round "2.47"]
[White "Skailes, Robin"]
[Black "Naef Schmid, Ianto"]
[Result "0-1"]
[WhiteElo "1100"]
[BlackElo "1307"]
[PlyCount "150"]
[EventDate "2020.04.23"]
[WhiteTeam "Monmouth Marauders"]
[BlackTeam "Wey 2"]

1. d4 Nf6 2. c4 g6 3. Nc3 Bg7 4. e4 d6 5. Bg5 h6 6. Bxf6 Bxf6 7. Nf3 O-O 8. Nd5
Bg7 9. c5 dxc5 10. dxc5 c6 11. Nf4 Bxb2 12. Rb1 Bg7 13. Bd3 Bg4 14. O-O b6 15.
cxb6 axb6 16. h3 Bc8 17. Qc2 e5 18. Ne2 Be6 19. Ra1 c5 20. Rfd1 Nc6 21. Bb5 Qc7
22. Nc3 Rfd8 23. Rxd8+ Rxd8 24. Rd1 Rxd1+ 25. Nxd1 Nb4 26. Qe2 Nxa2 27. Bc4
Bxc4 28. Qxc4 Nb4 29. Nc3 h5 30. Nd5 Nxd5 31. exd5 e4 32. Ng5 Be5 33. g3 Qa7
34. Nxe4 Qa1+ 35. Kg2 Qb2 36. d6 Bd4 37. d7 Bf6 38. Nxf6+ Qxf6 39. Qf4 Qd8 40.
Qd6 c4 41. Kf1 c3 42. Ke2 b5 43. Kd3 b4 44. Kc2 Kg7 45. Qc6 Qe7 46. Qd5 b3+ 47.
Kxc3 Qf6+ 48. Qd4 Qxd4+ 49. Kxd4 b2 50. d8=Q b1=Q 51. Ke5 Qf5+ 52. Kd6 Qxf2 53.
Qg5 Qf6+ 54. Qxf6+ Kxf6 55. Kd5 Kf5 56. Kd4 Ke6 57. Ke3 f5 58. Kf4 Kf6 59. h4
Kf7 60. Kg5 Kg7 61. Kf4 Kf6 62. Kf3 g5 63. Ke3 gxh4 64. gxh4 Ke5 65. Kf3 f4 66.
Kg2 Ke4 67. Kf2 f3 68. Ke1 Ke3 69. Kf1 f2 70. Kg2 Ke2 71. Kg3 f1=Q 72. Kh2 Qf5
73. Kg3 Qg4+ 74. Kh2 Kf2 75. Kh1 Qg1# 0-1

[Event "Junior Online 4NCL Division 5"]
[Site "online"]
[Date "2020.04.23"]
[Round "2.48"]
[White "Mandell, Eli"]
[Black "Swartz, Edward RG"]
[Result "0-1"]
[WhiteElo "1232"]
[BlackElo "1013"]
[PlyCount "58"]
[EventDate "2020.04.23"]
[WhiteTeam "Wey 2"]
[BlackTeam "Monmouth Marauders"]

1. d4 Nf6 2. Bf4 e6 3. e4 d5 4. e5 Nfd7 5. Nc3 Nc6 6. Nf3 Bb4 7. a3 Bxc3+ 8.
bxc3 O-O 9. Bd3 f6 10. exf6 Nxf6 11. Bg5 Re8 12. Ne5 h6 13. Nxc6 bxc6 14. Bxf6
Qxf6 15. O-O e5 16. dxe5 Rxe5 17. Re1 Rxe1+ 18. Qxe1 Bd7 19. Ba6 Qg5 20. Bb7
Rb8 21. Rb1 Bh3 22. g3 Qd8 23. Bxc6 Rxb1 24. Qxb1 Qd6 25. Qb7 Qxa3 26. Bxd5+
Kh7 27. Be4+ g6 28. Qxc7+ Kg8 29. Bxg6 Qc1# 0-1

[Event "Junior Online 4NCL Division 5"]
[Site "online"]
[Date "2020.04.23"]
[Round "2.51"]
[White "Kapoor, Devansh"]
[Black "Patel, Zain"]
[Result "0-1"]
[WhiteElo "1067"]
[BlackElo "1472"]
[PlyCount "34"]
[EventDate "2020.04.23"]
[WhiteTeam "Uxbridge Juniors B1"]
[BlackTeam "Hammersmith 2"]

1. e4 c5 2. Nf3 d6 3. Nc3 Nf6 4. g3 a6 5. Bg2 e6 6. O-O b5 7. Re1 Bb7 8. e5
dxe5 9. Nxe5 Bxg2 10. Kxg2 b4 11. Ne4 Qd5 12. f4 Nxe4 13. c4 bxc3 14. dxc3
Nxc3+ 15. Kf2 Nxd1+ 16. Rxd1 Qxd1 17. Ng4 Qxg4 0-1

[Event "Junior Online 4NCL Division 5"]
[Site "online"]
[Date "2020.04.23"]
[Round "2.52"]
[White "Ward, Cian"]
[Black "Chockalingam, Ramcharan"]
[Result "1-0"]
[WhiteElo "1465"]
[BlackElo "1045"]
[PlyCount "89"]
[EventDate "2020.04.23"]
[WhiteTeam "Hammersmith 2"]
[BlackTeam "Uxbridge Juniors B1"]

1. e4 e5 2. Nf3 Nc6 3. d4 d6 4. dxe5 Bg4 5. exd6 Bxd6 6. h3 Bxf3 7. Qxf3 Nd4 8.
Qd1 Be5 9. c3 Nc6 10. Qxd8+ Rxd8 11. Bb5 Nf6 12. Bxc6+ bxc6 13. Bg5 O-O 14.
Bxf6 Bxf6 15. O-O Rfe8 16. f3 h6 17. Na3 Rd2 18. Nc4 Rc2 19. Rac1 Rxc1 20. Rxc1
Bg5 21. Rd1 Rd8 22. Rxd8+ Bxd8 23. Ne5 c5 24. Nd7 Be7 25. Nb8 a6 26. Nxa6 c6
27. Nb8 Bd6 28. Nxc6 g6 29. Na7 f5 30. exf5 gxf5 31. Nb5 Be7 32. Nc7 h5 33. Kf2
Bh4+ 34. g3 Be7 35. Nd5 Bd6 36. Nf6+ Kg7 37. Nxh5+ Kg6 38. Nf4+ Bxf4 39. gxf4
Kh5 40. a4 Kh4 41. a5 Kxh3 42. a6 Kh2 43. a7 Kh1 44. a8=Q Kh2 45. Qh8# 1-0

[Event "Junior Online 4NCL Division 5"]
[Site "online"]
[Date "2020.04.23"]
[Round "2.53"]
[White "Rodgers, Micah"]
[Black "Hatem, Mika"]
[Result "0-1"]
[WhiteElo "1007"]
[BlackElo "1450"]
[PlyCount "68"]
[EventDate "2020.04.23"]
[WhiteTeam "Uxbridge Juniors B1"]
[BlackTeam "Hammersmith 2"]

1. e4 e5 2. Bc4 Nf6 3. Nf3 Nxe4 4. Nxe5 Qe7 5. d3 Qxe5 6. dxe4 Bc5 7. Qf3 Qe7
8. b4 Bxb4+ 9. c3 Bc5 10. Nd2 Nc6 11. Nb3 Bb6 12. Be3 Ne5 13. Qf4 Nxc4 14. Bd4
Bxd4 15. Nxd4 d6 16. Nb5 O-O 17. Rd1 a6 18. Nd4 Be6 19. e5 Nxe5 20. Qe4 Ng6 21.
g4 Rfe8 22. Rd3 Qd7 23. Rh3 Bxa2 24. Kd1 Rxe4 25. Rh5 Qxg4+ 26. f3 Qxh5 27. Kd2
Ree8 28. h3 Bc4 29. Re1 Rxe1 30. Kxe1 Qxh3 31. Nf5 Re8+ 32. Kf2 Re2+ 33. Kg1
Qh2+ 34. Kf1 Qh1# 0-1

[Event "Junior Online 4NCL Division 5"]
[Site "online"]
[Date "2020.04.23"]
[Round "2.54"]
[White "Harb, Laith A"]
[Black "Zyakhor, Cornelius"]
[Result "1-0"]
[WhiteElo "1390"]
[BlackElo "850"]
[PlyCount "55"]
[EventDate "2020.04.23"]
[WhiteTeam "Hammersmith 2"]
[BlackTeam "Uxbridge Juniors B1"]

1. d4 d5 2. c4 e6 3. Nc3 dxc4 4. Bf4 f6 5. e3 g5 6. Bg3 c6 7. Bxc4 b5 8. Bd3 b4
9. Nce2 Ba6 10. Bxa6 Nxa6 11. Qa4 Qc8 12. Rc1 e5 13. Qxc6+ Qxc6 14. Rxc6 Nb8
15. Rc8+ Kd7 16. Rxf8 exd4 17. Rxb8 Rxb8 18. Bxb8 Ne7 19. Bxa7 Rc8 20. Nf3 Nc6
21. Bxd4 Rb8 22. O-O g4 23. Nh4 b3 24. axb3 Rxb3 25. Bxf6 Nb4 26. Rd1+ Nd3 27.
Nf4 Rxb2 28. Nxd3 1-0

[Event "Junior Online 4NCL Division 5"]
[Site "online"]
[Date "2020.04.23"]
[Round "2.55"]
[White "Patel, Zain"]
[Black "Kapoor, Devansh"]
[Result "1-0"]
[WhiteElo "1472"]
[BlackElo "1067"]
[PlyCount "51"]
[EventDate "2020.04.23"]
[WhiteTeam "Hammersmith 2"]
[BlackTeam "Uxbridge Juniors B1"]

1. e4 e6 2. d4 c5 3. d5 Nf6 4. Nc3 g6 5. Bg5 Bg7 6. e5 Qc7 7. exf6 Qe5+ 8. Be3
Bh6 9. Nf3 Qh5 10. Bxh6 Qxh6 11. dxe6 dxe6 12. Bb5+ Bd7 13. Bxd7+ Nxd7 14. Qd6
Nxf6 15. Qxc5 Rd8 16. Qb5+ Nd7 17. Rd1 a6 18. Qxb7 O-O 19. Rxd7 Qc1+ 20. Rd1
Qxc2 21. Rxd8 Rxd8 22. O-O Qd3 23. Ng5 Qf5 24. Nce4 h6 25. Nf3 Qd5 26. Nf6+ 1-0

[Event "Junior Online 4NCL Division 5"]
[Site "online"]
[Date "2020.04.23"]
[Round "2.56"]
[White "Chockalingam, Ramcharan"]
[Black "Ward, Cian"]
[Result "0-1"]
[WhiteElo "1045"]
[BlackElo "1465"]
[PlyCount "54"]
[EventDate "2020.04.23"]
[WhiteTeam "Uxbridge Juniors B1"]
[BlackTeam "Hammersmith 2"]

1. e4 e5 2. Nf3 Nc6 3. Bc4 Bc5 4. Nc3 Nf6 5. O-O d6 6. h3 Be6 7. d3 Bxc4 8.
dxc4 Qe7 9. Nd5 Nxd5 10. exd5 Nd4 11. Bg5 Nxf3+ 12. Qxf3 Qxg5 13. Rfe1 O-O 14.
c3 Rfe8 15. b4 Bb6 16. a4 a6 17. a5 Ba7 18. b5 axb5 19. cxb5 Qf4 20. Qxf4 exf4
21. Re7 Rxe7 22. Rb1 Re2 23. b6 cxb6 24. axb6 Bb8 25. Kf1 Raa2 26. Rd1 Rxf2+
27. Ke1 Rae2# 0-1

[Event "Junior Online 4NCL Division 5"]
[Site "online"]
[Date "2020.04.23"]
[Round "2.57"]
[White "Hatem, Mika"]
[Black "Rodgers, Micah"]
[Result "1-0"]
[WhiteElo "1450"]
[BlackElo "1007"]
[PlyCount "33"]
[EventDate "2020.04.23"]
[WhiteTeam "Hammersmith 2"]
[BlackTeam "Uxbridge Juniors B1"]

1. e4 e5 2. Nf3 Bc5 3. Nc3 Nf6 4. Nxe5 d6 5. Nf3 Bg4 6. Bc4 Nc6 7. d3 Bh5 8.
Bg5 Na5 9. Bb3 O-O 10. Nd5 c6 11. Nxf6+ Kh8 12. Nxh7 Kxh7 13. Bxd8 Rfxd8 14.
O-O d5 15. Ng5+ Kg8 16. Qxh5 Rf8 17. Qh7# 1-0

[Event "Junior Online 4NCL Division 5"]
[Site "online"]
[Date "2020.04.23"]
[Round "2.58"]
[White "Zyakhor, Cornelius"]
[Black "Harb, Laith A"]
[Result "0-1"]
[WhiteElo "850"]
[BlackElo "1390"]
[PlyCount "38"]
[EventDate "2020.04.23"]
[WhiteTeam "Uxbridge Juniors B1"]
[BlackTeam "Hammersmith 2"]

1. e4 c5 2. f3 d6 3. Bb5+ Nd7 4. c3 Ngf6 5. Qa4 a6 6. Bxd7+ Qxd7 7. Qc2 e6 8.
f4 Qc7 9. e5 dxe5 10. fxe5 Qxe5+ 11. Ne2 Be7 12. d4 cxd4 13. cxd4 Qd5 14. Qa4+
Qd7 15. Qc4 O-O 16. O-O b5 17. Qc3 Bb7 18. Bg5 Qd5 19. Qc7 Qxg2# 0-1

[Event "Junior Online 4NCL Division 5"]
[Site "online"]
[Date "2020.04.23"]
[Round "2.61"]
[White "He, Tom Junde"]
[Black "Fairclough, William"]
[Result "1-0"]
[WhiteElo "1397"]
[BlackElo "1315"]
[PlyCount "167"]
[EventDate "2020.04.23"]
[WhiteTeam "St Mary's Harborne"]
[BlackTeam "Manchester Juniors B"]

1. e4 c6 2. d4 d5 3. e5 Bf5 4. Nf3 e6 5. h3 c5 6. c3 f6 7. Bb5+ Nd7 8. Qa4 a6
9. Bxd7+ Qxd7 10. Qxd7+ Kxd7 11. Bf4 cxd4 12. cxd4 Bb4+ 13. Nbd2 Bxd2+ 14. Nxd2
fxe5 15. Bxe5 Nf6 16. Bxf6 gxf6 17. g4 Bg6 18. O-O Rhg8 19. Rfe1 h5 20. Kh2
hxg4 21. hxg4 Rh8+ 22. Kg3 f5 23. f3 Raf8 24. Rh1 Rhg8 25. Rh2 f4+ 26. Kf2 Rc8
27. b3 Rc2 28. Ke2 Rc3 29. Rhh1 Bd3+ 30. Ke1 Re8 31. Kf2 e5 32. dxe5 Rxe5 33.
Rhe1 Rxe1 34. Kxe1 Bb5 35. g5 Bd3 36. Kf2 Rc2 37. Ke1 Ke6 38. a4 Kf5 39. Rd1
Kxg5 40. Kf2 Kf5 41. b4 Rb2 42. Ke1 Rxb4 43. Nf1 Bxf1 44. Kxf1 Rxa4 45. Rxd5+
Ke6 46. Rd1 Ra3 47. Kg2 Ra2+ 48. Kh3 Rf2 49. Kg4 Rg2+ 50. Kxf4 Kf6 51. Rd7 Rg7
52. Rd6+ Ke7 53. Rb6 Kd8 54. Ke5 Kc7 55. Rb2 Rg5+ 56. Kf6 Rb5 57. Rc2+ Kb6 58.
Ke6 a5 59. f4 Rc5 60. Rxc5 Kxc5 61. f5 a4 62. f6 a3 63. f7 a2 64. f8=Q+ Kc4 65.
Qf1+ Kc3 66. Qa1+ Kb3 67. Kd6 Ka3 68. Kc7 b5 69. Qc1+ Kb3 70. Kb6 b4 71. Kb5
a1=N 72. Qxa1 Kc2 73. Kxb4 Kd3 74. Qc3+ Ke2 75. Kc4 Kf2 76. Qd3 Ke1 77. Qc2 Kf1
78. Qd2 Kg1 79. Qe2 Kh1 80. Kd3 Kg1 81. Ke3 Kh1 82. Kf3 Kg1 83. Kg3 Kh1 84.
Qf1# 1-0

[Event "Junior Online 4NCL Division 5"]
[Site "online"]
[Date "2020.04.23"]
[Round "2.62"]
[White "Eccleston, Rowan"]
[Black "Howett, Ralphie"]
[Result "1-0"]
[WhiteElo "1217"]
[BlackElo "1217"]
[PlyCount "89"]
[EventDate "2020.04.23"]
[WhiteTeam "Manchester Juniors B"]
[BlackTeam "St Mary's Harborne"]

1. f4 d5 2. Nf3 Nc6 3. e3 Nf6 4. b3 Bf5 5. Bb5 e6 6. Bb2 Bc5 7. Ne5 a6 8. Nxc6
axb5 9. Nxd8 Rxd8 10. O-O d4 11. Qe2 c6 12. Rf3 Bxc2 13. Rg3 O-O 14. d3 Bxb1
15. Rxb1 dxe3 16. Bxf6 h6 17. Rxg7+ Kh8 18. Rxf7+ Kg8 19. Rg7+ Kh8 20. Rxb7+
Kg8 21. Rg7+ Kh8 22. Rf7+ Kg8 23. Rg7+ Kh8 24. Rc7+ Rxf6 25. Rc1 Bb6 26. R7xc6
Bd4 27. Qg4 e2+ 28. Kh1 Rdf8 29. Rc8 Rxf4 30. Rxf8+ Rxf8 31. Qxd4+ Kg8 32. Qg4+
Kh7 33. Qxe2 Rf5 34. h3 h5 35. Qxe6 Rg5 36. Rc7+ Rg7 37. Rxg7+ Kxg7 38. d4 b4
39. d5 h4 40. d6 Kf8 41. d7 Kg7 42. d8=Q Kh7 43. Qde7+ Kh8 44. Qe5+ Kg8 45.
Q5g7# 1-0

[Event "Junior Online 4NCL Division 5"]
[Site "online"]
[Date "2020.04.23"]
[Round "2.63"]
[White "Madoc, Arthur"]
[Black "Nagai, Ken Stephen"]
[Result "1-0"]
[WhiteElo "1262"]
[BlackElo "1135"]
[PlyCount "75"]
[EventDate "2020.04.23"]
[WhiteTeam "St Mary's Harborne"]
[BlackTeam "Manchester Juniors B"]

1. e4 e5 2. Nf3 Nc6 3. Nc3 Bc5 4. Nxe5 Nxe5 5. d4 Bxd4 6. Qxd4 Nc6 7. Qxg7 Qf6
8. Qxf6 Nxf6 9. Bd3 d6 10. O-O Bg4 11. Bg5 Nh5 12. h3 Be6 13. g4 Ng7 14. f4 f6
15. Bxf6 Rg8 16. f5 Bf7 17. Nd5 Bxd5 18. exd5 Nd4 19. Bxd4 O-O-O 20. Bxa7 Rge8
21. f6 Nh5 22. f7 Rf8 23. gxh5 Rd7 24. Bf5 Rfxf7 25. Bxd7+ Rxd7 26. Rf8+ Rd8
27. Rxd8+ Kxd8 28. Re1 Kd7 29. Kf2 Kc8 30. Kf3 c5 31. Kf4 Kc7 32. Kf5 b5 33.
Re7+ Kd8 34. Ke6 Kc8 35. Kxd6 Kd8 36. Bb6+ Kc8 37. Kc6 h6 38. Re8# 1-0

[Event "Junior Online 4NCL Division 5"]
[Site "online"]
[Date "2020.04.23"]
[Round "2.64"]
[White "Casserly, Darcy"]
[Black "Mykhnenko, Marijka"]
[Result "0-1"]
[WhiteElo "1075"]
[BlackElo "1015"]
[PlyCount "78"]
[EventDate "2020.04.23"]
[WhiteTeam "Manchester Juniors B"]
[BlackTeam "St Mary's Harborne"]

1. e4 e5 2. Nf3 Nc6 3. Bc4 Nf6 4. Ng5 d5 5. Bb5 Bc5 6. exd5 Nxd5 7. d3 Nf6 8.
Bc4 O-O 9. O-O h6 10. Ne4 Bb6 11. Be3 Nxe4 12. dxe4 Qf6 13. Qg4 Bxg4 14. Nc3
Qg6 15. g3 Bh3 16. Rfe1 Qf6 17. Nd5 Qf3 18. Bf1 Bxf1 19. Rxf1 Qxe4 20. Rae1
Qxd5 21. b3 Nd4 22. c4 Qd6 23. Rd1 c5 24. f4 exf4 25. Bxf4 Qf6 26. b4 cxb4 27.
Rd2 Nf3+ 28. Kg2 Nxd2 29. Bxd2 Qc6+ 30. Kh3 Qxc4 31. Rf4 Qxa2 32. Bxb4 Rfe8 33.
g4 Re3+ 34. Kh4 g5+ 35. Kh5 gxf4 36. Kxh6 Qe6+ 37. Kg5 Bd8+ 38. Be7 Bxe7+ 39.
Kh5 Rh3# 0-1

[Event "Junior Online 4NCL Division 5"]
[Site "online"]
[Date "2020.04.23"]
[Round "2.65"]
[White "Fairclough, William"]
[Black "He, Tom Junde"]
[Result "1/2-1/2"]
[WhiteElo "1315"]
[BlackElo "1397"]
[PlyCount "158"]
[EventDate "2020.04.23"]
[WhiteTeam "Manchester Juniors B"]
[BlackTeam "St Mary's Harborne"]

1. e4 e5 2. Nf3 Nc6 3. d4 exd4 4. Nxd4 Nxd4 5. Qxd4 Qe7 6. Nc3 c5 7. Qd1 f5 8.
Bd3 fxe4 9. Bxe4 Nf6 10. Qf3 Nxe4 11. Qxe4 Qxe4+ 12. Nxe4 Be7 13. O-O O-O 14.
Bg5 Bxg5 15. Nxg5 b6 16. Ne4 Bb7 17. Nd6 Bc6 18. Rab1 Rf6 19. Nc4 b5 20. Ne5
Re8 21. Nxc6 dxc6 22. b4 c4 23. Ra1 Re2 24. c3 Rc2 25. a4 a6 26. axb5 cxb5 27.
Ra3 Kf7 28. f3 Rd6 29. Rf2 Rc1+ 30. Rf1 Rdd1 31. Rxd1 Rxd1+ 32. Kf2 Rd6 33. g4
h6 34. h4 g5 35. hxg5 hxg5 36. Kg3 Kf6 37. f4 Rd3+ 38. Kf2 gxf4 39. Rxa6+ Kg5
40. Ra5 Kxg4 41. Rxb5 Rxc3 42. Rc5 Rc2+ 43. Ke1 f3 44. b5 f2+ 45. Kf1 Kg3 46.
Rg5+ Kf4 47. Rg8 Rb2 48. Rf8+ Ke3 49. Re8+ Kd3 50. Rd8+ Kc3 51. Rc8 Rxb5 52.
Kxf2 Kd4 53. Ke2 c3 54. Kd1 Rd5 55. Kc2 Ke3 56. Rxc3+ Ke2 57. Ra3 Rd2+ 58. Kb3
Rd7 59. Ra2+ Kd3 60. Ra3 Rb7+ 61. Ka2+ Kc2 62. Ka1 Rd7 63. Ra2+ Kc3 64. Ra3+
Kb4 65. Ra2 Kc3 66. Ra3+ Kc2 67. Ra2+ Kc1 68. Rb2 Ra7+ 69. Ra2 Rb7 70. Ra8 Rb1+
71. Ka2 Rb2+ 72. Ka3 Kb1 73. Rc8 Ra2+ 74. Kb3 Rb2+ 75. Ka3 Ra2+ 76. Kb3 Rb2+
77. Ka3 Ka1 78. Rc1+ Rb1 79. Rxb1+ Kxb1 1/2-1/2

[Event "Junior Online 4NCL Division 5"]
[Site "online"]
[Date "2020.04.23"]
[Round "2.66"]
[White "Howett, Ralphie"]
[Black "Eccleston, Rowan"]
[Result "0-1"]
[WhiteElo "1217"]
[BlackElo "1217"]
[PlyCount "46"]
[EventDate "2020.04.23"]
[WhiteTeam "St Mary's Harborne"]
[BlackTeam "Manchester Juniors B"]

1. e4 e6 2. Nf3 d5 3. Nc3 Bb4 4. Bb5+ Nc6 5. exd5 Bxc3 6. dxc3 Qxd5 7. Nd4 Nf6
8. Be3 Qxg2 9. Rf1 Bd7 10. Bxc6 Bxc6 11. f3 O-O-O 12. Rg1 Qxh2 13. Rxg7 Qh4+
14. Bf2 Qh1+ 15. Rg1 Qh6 16. Nxc6 Rxd1+ 17. Kxd1 bxc6 18. Bxa7 Rd8+ 19. Ke2
Qd2+ 20. Kf1 Qf4 21. Kf2 Rd2+ 22. Kf1 Qxf3+ 23. Bf2 Qxf2# 0-1

[Event "Junior Online 4NCL Division 5"]
[Site "online"]
[Date "2020.04.23"]
[Round "2.67"]
[White "Nagai, Ken Stephen"]
[Black "Madoc, Arthur"]
[Result "1-0"]
[WhiteElo "1135"]
[BlackElo "1262"]
[PlyCount "55"]
[EventDate "2020.04.23"]
[WhiteTeam "Manchester Juniors B"]
[BlackTeam "St Mary's Harborne"]

1. e4 e5 2. Nf3 Nc6 3. Bc4 Bc5 4. Nc3 Nf6 5. d3 h6 6. Be3 Bxe3 7. fxe3 d6 8. h3
b6 9. Bb5 Bb7 10. O-O O-O 11. Nh4 Nxe4 12. Qg4 Nxc3 13. bxc3 Qf6 14. Rxf6 g6
15. Bc4 Kg7 16. Qxg6+ fxg6 17. Rxg6+ Kh7 18. Rf1 Rxf1+ 19. Kxf1 Ne7 20. Re6 Nd5
21. Re7+ Kg8 22. e4 Kf8 23. Ng6+ Kg8 24. exd5 a6 25. d4 b5 26. Bd3 Rc8 27. Bf5
Rb8 28. Be6# 1-0

[Event "Junior Online 4NCL Division 5"]
[Site "online"]
[Date "2020.04.23"]
[Round "2.68"]
[White "Mykhnenko, Marijka"]
[Black "Casserly, Darcy"]
[Result "1-0"]
[WhiteElo "1015"]
[BlackElo "1075"]
[PlyCount "55"]
[EventDate "2020.04.23"]
[WhiteTeam "St Mary's Harborne"]
[BlackTeam "Manchester Juniors B"]

1. e4 e5 2. Nf3 Nc6 3. Nc3 Nf6 4. Bc4 Bc5 5. O-O O-O 6. d3 d6 7. Nh4 Bg4 8. Qd2
Nh5 9. g3 Nd4 10. Bb3 Nf3+ 11. Nxf3 Bxf3 12. Nd5 Qd7 13. Ne3 Qh3 14. d4 Bxd4
15. c3 Bxe3 16. fxe3 Nf6 17. Rxf3 Nxe4 18. Qe2 Rfe8 19. Bxf7+ Kh8 20. Bxe8 Rxe8
21. Qd3 Ng5 22. Rf2 e4 23. Qd5 h6 24. Qxb7 c6 25. Qxc6 Kg8 26. Qxe8+ Kh7 27.
Rf8 d5 28. Rh8# 1-0

[Event "Junior Online 4NCL Division 5"]
[Site "online"]
[Date "2020.04.23"]
[Round "2.71"]
[White "Hand, Joseph"]
[Black "Lv, Catherine Jia-Ai"]
[Result "1-0"]
[WhiteElo "1092"]
[BlackElo "1210"]
[PlyCount "37"]
[EventDate "2020.04.23"]
[WhiteTeam "St Benildus 1"]
[BlackTeam "Leicestershire Juniors 3"]

1. e4 e5 2. f4 exf4 3. Nf3 Nf6 4. Nc3 Bc5 5. d4 Bb6 6. Bxf4 Nc6 7. e5 Nh5 8.
Bg5 f6 9. exf6 Nxf6 10. Bc4 Qe7+ 11. Kf2 Qb4 12. Qe2+ Ne7 13. Rhe1 Kf8 14. Bxf6
gxf6 15. a3 Qd6 16. Rad1 Nf5 17. Nb5 Qc6 18. g4 Nd6 19. Qe7# 1-0